The sustainable management of tropical catchments / (Record no. 31839)

MARC details
000 -LEADER
fixed length control field 01470cam a2200349 a 4500
001 - CONTROL NUMBER
control field 726465
003 - CONTROL NUMBER IDENTIFIER
control field OSt
005 - DATE AND TIME OF LATEST TRANSACTION
control field 20220228095245.0
008 - FIXED-LENGTH DATA ELEMENTS--GENERAL INFORMATION
fixed length control field 980528s1999 enkab b 101 0 eng
010 ## - LIBRARY OF CONGRESS CONTROL NUMBER
LC control number 98026738
020 ## - INTERNATIONAL STANDARD BOOK NUMBER
International Standard Book Number 0471969141 (alk. paper)
040 ## - CATALOGING SOURCE
Original cataloging agency DLC
Transcribing agency HU
Modifying agency DLC
043 ## - GEOGRAPHIC AREA CODE
Geographic area code w------
050 00 - LIBRARY OF CONGRESS CALL NUMBER
Classification number TC526.5
Item number .S87 1999
082 00 - DEWEY DECIMAL CLASSIFICATION NUMBER
Classification number 628
Edition number 21
245 04 - TITLE STATEMENT
Title The sustainable management of tropical catchments /
Statement of responsibility, etc. edited by David Harper and Tony Brown.
260 ## - PUBLICATION, DISTRIBUTION, ETC.
Place of publication, distribution, etc. Chichester ;
-- New York :
Name of publisher, distributor, etc. Wiley,
Date of publication, distribution, etc. c1999.
300 ## - PHYSICAL DESCRIPTION
Extent xiv, 381 p. :
Other physical details ill., maps ;
Dimensions 25 cm.
500 ## - GENERAL NOTE
General note Results of a conference held at the University of Leicester.
504 ## - BIBLIOGRAPHY, ETC. NOTE
Bibliography, etc. note Includes bibliographical references and index.
650 #0 - SUBJECT ADDED ENTRY--TOPICAL TERM
Topical term or geographic name entry element Watershed management
Geographic subdivision Tropics
Form subdivision Congresses.
9 (RLIN) 31784
650 #0 - SUBJECT ADDED ENTRY--TOPICAL TERM
Topical term or geographic name entry element Soil erosion
Geographic subdivision Tropics
Form subdivision Congresses.
9 (RLIN) 31785
650 #0 - SUBJECT ADDED ENTRY--TOPICAL TERM
Topical term or geographic name entry element Land use
Geographic subdivision Tropics
Form subdivision Congresses.
9 (RLIN) 31786
650 #0 - SUBJECT ADDED ENTRY--TOPICAL TERM
Topical term or geographic name entry element Watershed management
General subdivision Mathematical models
Form subdivision Congresses.
9 (RLIN) 31787
700 1# - ADDED ENTRY--PERSONAL NAME
Personal name Harper, David M.
9 (RLIN) 31788
700 1# - ADDED ENTRY--PERSONAL NAME
Personal name Brown, A. G.
Fuller form of name (Antony Gavin),
Dates associated with a name 1958-
9 (RLIN) 31789
856 42 - ELECTRONIC LOCATION AND ACCESS
Materials specified Publisher description
Uniform Resource Identifier <a href="http://www.loc.gov/catdir/description/wiley0310/98026738.html">http://www.loc.gov/catdir/description/wiley0310/98026738.html</a>
856 4# - ELECTRONIC LOCATION AND ACCESS
Materials specified Table of Contents
Uniform Resource Identifier <a href="http://www.loc.gov/catdir/toc/onix04/98026738.html">http://www.loc.gov/catdir/toc/onix04/98026738.html</a>
906 ## - LOCAL DATA ELEMENT F, LDF (RLIN)
a 7
b cbu
c orignew
d 1
e ocip
f 19
g y-gencatlg
942 ## - ADDED ENTRY ELEMENTS (KOHA)
Source of classification or shelving scheme Dewey Decimal Classification
Koha item type Books like text book referance book
Suppress in OPAC No
Holdings
Withdrawn status Lost status Source of classification or shelving scheme Damaged status Not for loan Collection code Home library Current library Shelving location Date acquired Total Checkouts Full call number Barcode Date last seen Copy number Price effective from Koha item type
    Dewey Decimal Classification     Reference Wondo Genet Library Wondo Genet Library General Stacks 02/28/2022   628 SUS 1999 WGCFNRL000112028 02/28/2022 1 02/28/2022 Books like text book referance book
    Dewey Decimal Classification     Reference Wondo Genet Library Wondo Genet Library General Stacks 02/28/2022   628 SUS 1999 WGCFNRL000112029 02/28/2022 2 02/28/2022 Books like text book referance book
    Dewey Decimal Classification     Reference Wondo Genet Library Wondo Genet Library General Stacks 02/28/2022   628 SUS 1999 WGCFNRL000112030 02/28/2022 3 02/28/2022 Books like text book referance book
    Dewey Decimal Classification     Reference Wondo Genet Library Wondo Genet Library General Stacks 02/28/2022   628 SUS 1999 HUWGCFNRL00012079 02/28/2022 4 02/28/2022 Books like text book referance book
    Dewey Decimal Classification     Reference Wondo Genet Library Wondo Genet Library General Stacks 02/28/2022   628 SUS 1999 HUWGCFNRL00012080 02/28/2022 5 02/28/2022 Books like text book referance book
    Dewey Decimal Classification     Reference Wondo Genet Library Wondo Genet Library General Stacks 02/28/2022   628 SUS 1999 HUWGCFNRL00012023 02/28/2022 6 02/28/2022 Books like text book referance book